书目信息 |
| 题名: |
中国地名史话
|
|
| 作者: | 徐兆奎 , 韩光辉 著 | |
| 分册: | ||
| 出版信息: | 北京 中国国际广播出版社 2016 |
|
| 页数: | 228页 | |
| 开本: | 23cm | |
| 丛书名: | ||
| 单 册: | ||
| 中图分类: | K928.6 | |
| 科图分类: | ||
| 主题词: | 历史地名--li shi di ming--中国--通俗读物 | |
| 电子资源: | ||
| ISBN: | 978-7-5078-3205-1 | |
| 000 | 00844nam0 22002411 450 | |
| 001 | 1738645791 | |
| 005 | 20170628091812.0 | |
| 010 | @a978-7-5078-3205-1@dCNY32.00 | |
| 100 | @a20160606d2016 em y0chiy50 ea | |
| 101 | 0 | @achi |
| 102 | @aCN@b110000 | |
| 105 | @aa z 000yy | |
| 106 | @ar | |
| 200 | 1 | @a中国地名史话@9zhong guo di ming shi hua@e典藏版@f徐兆奎,韩光辉著 |
| 210 | @a北京@c中国国际广播出版社@d2016 | |
| 215 | @a228页@c图@d23cm | |
| 330 | @a本书以地名为切入点,详细讲述了中国历代地名的发展及研究的清晰脉络,为读者揭示了地名背后所承载的历史文化根基及人与自然的美妙融合。 | |
| 606 | 0 | @a历史地名@9li shi di ming@y中国@j通俗读物 |
| 690 | @aK928.6@v5 | |
| 701 | 0 | @a徐兆奎@9xu zhao kui@f(1917~2003)@4著 |
| 701 | 0 | @a韩光辉@9han guang hui@f(1947~)@4著 |
| 801 | 0 | @aCN@bTANGWEI@c20170627 |
| 905 | @b1016883-8@dK928.6@e1010@f6 | |
| 中国地名史话:典藏版/徐兆奎,韩光辉著.-北京:中国国际广播出版社,2016 |
| 228页:图;23cm |
| ISBN 978-7-5078-3205-1:CNY32.00 |
| 本书以地名为切入点,详细讲述了中国历代地名的发展及研究的清晰脉络,为读者揭示了地名背后所承载的历史文化根基及人与自然的美妙融合。 |
| ● |
| 相关链接 |
|
|
|
|
正题名:中国地名史话
索取号:K928.6/1010
 
预约/预借
| 序号 | 登录号 | 条形码 | 馆藏地/架位号 | 状态 | 备注 |
| 1 | 1016883 | 210168833 | 第二样本阅览室/ [索取号:K928.6/1010] | 在馆 | |
| 2 | 1016884 | 210168842 | 教育系资料室/ [索取号:K928.6/1010] | 在馆 | |
| 3 | 1016885 | 210168851 | 教育系资料室/ [索取号:K928.6/1010] | 在馆 | |
| 4 | 1016886 | 210168860 | 教育系资料室/ [索取号:K928.6/1010] | 在馆 | |
| 5 | 1016887 | 210168879 | 第二借阅区/ [索取号:K928.6/1010] | 在馆 | |
| 6 | 1016888 | 210168888 | 第二借阅区/ [索取号:K928.6/1010] | 在馆 |